000 00231nam a22001097a 4500
082 _a671 MET'B
100 _aBEADLE, JOHN D
_976043
245 _aMETAL ENGINEERING
260 _aUK
_bMACMILLAN
_c1971
300 _a198P
942 _cBK
999 _c581495
_d581495